000 00283 a2200109 4500
001 ART_7220
005 20260410161623.0
008 260409a
245 1 0 _aAportes irrevocables
100 1 _aPiñeiro, Horacio
773 0 _tEnfoques
_g- Nº 9 (sep. 2011)
_wREV416
999 _c11722
_d11722